000 00969cam a2200301 a 4500
001 12684
003 BD-JhCC
005 20230506101750.0
008 230506s1999 nyuab b 001 0 eng
020 _a0393317552 (pbk.)
035 _a(BD-JhCC)12684
040 _aDLC
_cDLC
_dDLC
_dBDJhCC
041 _aeng
050 0 0 _aHM206
_b.D48 1999
082 0 0 _a303.4
_222
_bDIG 1999
100 1 _aDiamond, Jared M.
245 1 0 _aGuns, germs, and steel :
_bthe fates of human societies /
_cJared Diamond ; [with a new afterword about the modern world].
260 _aNew York :
_bNorton,
_c1999.
300 _a494 p. :
_bill., maps ;
_c24 cm.
500 _aAfterword dated 2003: cf. p. 426.
504 _aIncludes bibliographical references (p. 442-471) and index.
650 0 _aSocial evolution.
650 0 _aCivilization
_xHistory.
650 0 _aEthnology.
650 0 _aHuman beings
_xEffect of environment on.
650 0 _aCulture diffusion.
942 _2ddc
_cBK
999 _c12684
_d12684